Sports Quiz

Random Sports or NFL Quiz

NFL - First 5 QB's Picked Per Draft Quiz Stats

 Plays Quiz not verified by Sporcle

Challenge
Share
Tweet
Embed
Score 0/200 Timer 20:00
0 Plays Today
Draft Year Quarterback % Correct
2012Robert Griffin III
96.6%
2012Andrew Luck
96.3%
1982Oliver Luck
95.9%
1998Peyton Manning
95.6%
2004Eli Manning
95.6%
2011Cam Newton
95.6%
1999Akili Smith
95%
2010Sam Bradford
95%
2005Alex Smith
94.9%
2008Matt Ryan
94.5%
2009Matthew Stafford
94.3%
2005Aaron Rodgers
93.8%
2006Vince Young
93.8%
2008Joe Flacco
93.8%
2009Mark Sanchez
93.6%
2007JaMarcus Russell
93.4%
2010Tim Tebow
93.4%
2003Carson Palmer
92.9%
2001Michael Vick
92.4%
2004Philip Rivers
92.2%
2004Ben Roethlisberger
91.8%
2011Andy Dalton
91.8%
2012Ryan Tannehill
91%
2011Christian Ponder
90.8%
2002David Carr
90.6%
2006Matt Leinart
90.1%
1999Donovan McNabb
89.9%
2001Drew Brees
89.9%
2011Blaine Gabbert
89.7%
2009Josh Freeman
89.4%
2010Colt McCoy
89.4%
2011Jake Locker
89%
2006Jay Cutler
88.8%
2012Brandon Weeden
88.8%
2007Brady Quinn
87.9%
1974Danny White
87.6%
1998Jonathan Quinn
87.6%
2000Chad Pennington
87.6%
2009Pat White
86.9%
1981Rich Campbell
86.7%
1983John Elway
86%
2005Jason Campbell
86%
1999Tim Couch
85.8%
1998Ryan Leaf
85.3%
1993Drew Bledsoe
85.1%
2002Joey Harrington
84.9%
2003Byron Leftwich
84.9%
1989Troy Aikman
83.5%
2010Jimmy Clausen
82.6%
1995Steve McNair
82.3%
2008Chad Henne
81.4%
1999Daunte Culpepper
80.7%
2003Rex Grossman
80.7%
1987Vinny Testaverde
80.1%
1995Kerry Collins
79.4%
1983Jim Kelly
79.3%
1995Todd Collins
79.3%
2006Tarvaris Jackson
78.9%
2007Kevin Kolb
78.9%
2004J.P. Losman
77.8%
2004Matt Schaub
77.5%
2003Kyle Boller
77%
1990Jeff George
76.1%
1984Boomer Esiason
75.2%
1997Jake Plummer
73.6%
2002David Garrard
73.2%
1978Doug Williams
72.3%
Draft Year Quarterback % Correct
1991Brett Favre
72%
1979Joe Montana
71.8%
1995Kordell Stewart
71.1%
1979Phil Simms
70.2%
2001Quincy Carter
69.3%
1985Randall Cunningham
67.2%
1994Trent Dilfer
67.2%
1982Jim McMahon
66%
1999Cade McNown
64.5%
1993Rick Mirer
64%
2001Chris Weinke
63.3%
1973Bert Jones
62.4%
1990Andre Ware
62.2%
1983Ken O'Brien
61%
1998Brian Griese
61%
1994Heath Shuler
60.8%
1992Tommy Maddox
59.8%
1980Marc Wilson
58%
1983Tony Eason
57.8%
2002Patrick Ramsey
57.8%
2012Brock Osweiler
57.3%
1987Jim Harbaugh
56.7%
2008Brian Brohm
56.4%
1998Charlie Batch
55.5%
2007Drew Stanton
55.5%
1986Jim Everett
55.3%
2002Josh McCown
55.1%
1997Jim Druckenmiller
54.4%
1992David Klingler
54.1%
1983Todd Blackledge
53.9%
1993Mark Brunell
53%
2000Marc Bulger
52.8%
1987Chris Miller
52.7%
1988Chris Chandler
52.7%
1978Mark Miller
52.3%
1994Jim Miller
52.3%
2007John Beck
52.3%
2006Kellen Clemens
52.1%
1991Todd Marinovich
52%
1984Jeff Hostetler
49.5%
2010Mike Kafka
49.1%
1996Tony Banks
48.9%
2005Charlie Frye
47.7%
1981Neil Lomax
47.5%
1991Dan McGwire
47.3%
1975Steve Bartkowski
46.1%
1975Steve Grogan
44.7%
2000Tee Martin
44.1%
1990Neil O'Donnell
44%
2000Chris Redman
43.6%
2005Andrew Walter
42.7%
1977Tommy Kramer
42.4%
1997Danny Wuerffel
42.2%
2009Stephen McGee
42%
1973Ron Jaworski
40.1%
1985Frank Reich
39.7%
1986Chuck Long
37.9%
1976Richard Todd
36%
1980Mark Malone
34.8%
1986Bubby Brister
33.3%
1993Gino Torretta
31.9%
1973Joe Ferguson
31.7%
1979Jack Thompson
30.3%
1984Jay Schroeder
30.3%
2001Marques Tuiasosopo
30.3%
1982Art Schlichter
27.8%
1985Steve Bono
27.5%
Draft Year Quarterback % Correct
1988Stan Humphries
27.1%
1996Danny Kanell
27.1%
1996Bobby Hoying
26.8%
1977Vince Ferragamo
26.1%
1986Jack Trudeau
25.9%
1989Billy Joe Tolliver
25.7%
2000Giovanni Carmazzi
23.6%
1991Browning Nagle
22.5%
1987Kelly Stouffer
22.2%
1993Billy Joe Hobert
21.6%
2003Dave Ragone
19.9%
1981Brad Wright
19.1%
1980Eric Hipple
18.1%
1979Steve Fuller
17.7%
1996Jeff Lewis
17.6%
1992Craig Erickson
17.4%
2008Kevin O'Connell
16.8%
1995Stoney Case
15.4%
1984Steve Pelluer
14.4%
1988Don McPherson
14.4%
1988Tom Tupa
13.7%
1987Cody Carlson
13.5%
1991Scott Zolak
12.9%
1982Mike Pagel
12.8%
1986Hugh Millen
12.2%
1975Bob Avellini
12.1%
1990Peter Tom Willis
11.3%
1978Matt Cavanaugh
10.5%
1978Gifford Nielsen
9.8%
1990Tom Hodson
9.2%
1989Anthony Dilweg
7.3%
1981Mark Herrmann
7.1%
1992Tony Sacca
5.9%
1975David Humm
5.5%
1979Steve Dils
5.5%
1977Steve Pisarkiewicz
5.3%
1988Scott Secules
5%
1976Mike Kruczek
4.4%
1973Gary Huff
4.3%
1985Rusty Hilger
4.3%
1977Glenn Carano
3.9%
1997Pat Barnes
3.9%
1989Erik Wilhelm
3.7%
1974David Jaynes
3.5%
1974Gary Marangi
3.2%
1980Gene Bradley
3.2%
1992Matt Blundin
3.2%
1994Perry Klein
3.2%
1974Kim McQuilken
2.8%
1978Guy Benjamin
2.8%
1981Tom Flick
2.8%
1994Doug Nussmeier
2.8%
1997Mike Cherry
2.8%
1976Steve Myer
2.7%
1989Mike Elkins
2.5%
1980Rusty Lisch
2.1%
1973Gary Keithley
1.6%
1975Gary Sheide
1.4%
1982Matt Kofler
1.4%
1984Rick McIvor
1.2%
1976Jeb Blount
1.1%
1974Carl Summerell
0.9%
1976Gene Swick
0.9%
1996Spence Fischer
0.9%
1977Fred Besana
0.7%
1985Scott Barry
0.7%

You're not logged in!

Compare scores with friends on all Sporcle quizzes.
Join for Free
OR
Log In

You Might Also Like...

Show Comments

Extras

Top Quizzes Today


Score Distribution

Your Account Isn't Verified!

In order to create a playlist on Sporcle, you need to verify the email address you used during registration. Go to your Sporcle Settings to finish the process.

Report this User

Report this user for behavior that violates our Community Guidelines.

Details: